Ultimate Bear Quiz - Statistics

General Stats
  • This quiz has been taken 18 times
  • The average score is 16 of 50
Answer Stats
Answer % Correct
American Black Bear
94%
Asiatic Black Bear
94%
Polar Bear
94%
Brown Bear
88%
Giant Panda
82%
Grizzly
76%
Sun Bear
76%
Kodiak
65%
Sloth Bear
65%
Spectacled Bear
59%
Indian
47%
Alaska Peninsula
41%
Himalayan
41%
Himalayan
41%
Japanese
41%
California
35%
Eastern
35%
Eurasian
35%
Gobi
29%
Bornean
24%
Florida
24%
Glacier
24%
Malayan
24%
Sri Lankan
24%
Syrian
24%
Tibetan
24%
Tibetan Blue
24%
Cantabrian
18%
Cinnamon
18%
Formosan
18%
Indochinese
18%
Kermode
18%
Newfoundland
18%
Ussuri
18%
Kenai
12%
Qinling
12%
Ussuri
12%
Vancouver Island
12%
Balochistan
6%
East Mexican
6%
East Siberian
6%
Haida Gwaii
6%
Kamchatkan
6%
Louisiana
6%
Marsican
6%
New Mexico
6%
Olympic
6%
Sitka
6%
Stickeen
6%
West Mexican
6%
No matching quizzes found
Score Distribution
Percent of People with Each Score
Percentile by Number Answered
Your Score History
You have not taken this quiz